00349nam a2200169Ia 4500003000900000008004100009040001300050040001300063041000800076100001800084245001800102260002100120260000900141300000800150490001300158490000800171IT-RoPAU120407s9999 xx 000 0 und d aIT-RoPAU cIT-RoPAU aita aBlaise Pascal aPensieri (I) aEdizioni Paoline c1960 c cm aMaestri  v110